Middle Eastern Countries - Statistics

General Stats
  • This quiz has been taken 40 times
  • The average score is 20 of 24
Answer Stats
Answer % Correct
Iran
100%
Iraq
100%
Pakistan
97%
Israel
94%
Jordan
94%
Lebanon
94%
Turkey
94%
Afghanistan
91%
Qatar
91%
Syria
91%
Oman
89%
Saudi Arabia
89%
United Arab Emirates
89%
Yemen
89%
Bahrain
83%
Kuwait
80%
Kazakhstan
77%
Turkmenistan
74%
Uzbekistan
74%
Azerbaijan
71%
Armenia
69%
Tajikistan
69%
Kyrgyzstan
66%
Cyprus
54%
No matching quizzes found
Score Distribution
Percent of People with Each Score
Percentile by Number Answered
Your Score History
You have not taken this quiz